The early political writings of the German romantics
Αποθηκεύτηκε σε:
| Άλλοι συγγραφείς: | |
|---|---|
| Μορφή: | Βιβλίο |
| Γλώσσα: | English |
| Δημοσίευση: |
Cambridge :
Cambridge University Press,
1996.
|
| Σειρά: | Cambridge texts in the history of political thought
|
| Θέματα: | |
| Ετικέτες: |
Προσθήκη ετικέτας
Δεν υπάρχουν, Καταχωρήστε ετικέτα πρώτοι!
|
MARC
| LEADER | 00000cam a2200000 i 4500 | ||
|---|---|---|---|
| 001 | 1/649 | ||
| 008 | 000407s1996 enk| ||| |||| ||eng|| | ||
| 020 | |a 0521449510 | ||
| 035 | |l 10059735 | ||
| 040 | |a GR-MyUa |b gre |e AACR2 | ||
| 041 | 0 | |a eng | |
| 082 | 7 | |a 830.935809034 |2 (22) | |
| 245 | 0 | 4 | |a The early political writings of the German romantics / |c edited and translated by Frederick C. Beiser. |
| 260 | |a Cambridge : |b Cambridge University Press, |c 1996. | ||
| 300 | |a xli, 203 σ. ; |c 22 εκ. | ||
| 490 | 1 | |a (Cambridge texts in the history of political thought) | |
| 500 | |a Περιλαμβάνει ευρετήριο. | ||
| 650 | 0 | 0 | |a Political science |z Germany |x History. |
| 650 | 0 | 0 | |a Romanticism |z Germany. |
| 651 | 0 | |a Germany |x Politics and government |y 1740-1806. | |
| 700 | 1 | |a Beiser, Frederick C., |d 1949- |e trl |e edt | |
| 830 | 0 | |a Cambridge texts in the history of political thought | |
| 852 | |a INST |b LESVOS |e 20000407 |h 830.935809034 EAR |p 005100020512 |q 005100020512 |t BK |y 0 | ||
| 901 | |a BIBL1-2000-1 | ||
| 970 | |a ΑΙΒΑΤΖΙΔΟΥ |b ΕΛΕΝΗ |z 2000/04/07 | ||